O fim da presença portuguesa no Japão (Registo nº 631)

Detalhes MARC
000 -Etiqueta do registo
Cabeçalho 00863cam a2200301 4500
005 - Identificador da versão
Campo de controlo 20240813121808.0
010 ## - Número internacional normalizado dos livros (ISBN)
Número (ISBN) 972932624X
021 ## - Número do Depósito Legal
Código do país PT
Número 138539/99
035 ## - Other System Control Numbers
System Control Number 0000659
System Control Number 0000655
System Control Number 0000655
System Control Number 0000643
100 ## - Dados gerais de processamento
Dados gerais de processamento 20000524d1999 k y0pory5003 ba
102 ## - Pais de publicação ou produção
País de publicação Portugal
101 0# - Língua de publicação
Língua do texto, banda sonora, etc. Português
106 ## - Campo de dados codificados: material textual
Dados codificados do material textual r
105 ## - Campo de dados codificados: livros
Dados codificados dos livros a z 001yy
215 ## - Descrição física 
Indicação específica da natureza do documento e extensão da espécie 189 p.
Outras indicações físicas il.
Dimensões 23 cm
200 1# - Titulo e menção de responsabilidade
Título próprio O fim da presença portuguesa no Japão
Primeira menção de responsabilidade Valdemar Coutinho
Outras menções de responsabilidade pref. João Paulo Oliveira e Costa
225 2# - Colecção 
Título próprio da colecção Memória Lusíada
Indicação de volume 3
210 ## - Publicação, Distribuição, etc. 
Lugar da edição, distribuição, etc. Lisboa
Nome do editor, distribuidor, etc. Soc. Histórica da Independência de Portugal
Data da publicação, distribuição, etc. 1999
320 ## - Nota relativa a bibliografia e índices internos 
Texto da nota Bibliografia, p. 171-186
675 ## - Classificação Decimal Universal (CDU)
Notação 94(469)"1639"
Edição BN
Língua da edição por
702 #1 - Nome de autor-pessoa física (responsabilidade secundária)
Número de registo de entrada de autoridade 0000776
Palavra de ordem Costa
Outra parte do nome não tomada para palavra de ordem João Paulo Oliveira e
Datas 1962-
Código de função Autor da introdução / Prefaciador
700 #1 - Nome de autor-pessoa física (responsabilidade principal)
Número de registo de entrada de autoridade 0000792
Palavra de ordem Coutinho
Outra parte do nome não tomada para palavra de ordem Valdemar
942 ## - Elementos de entrada adicionados (Koha)
Tipo de item no Koha Livro
Exemplares
Situação do levantamento Origin of item (home branch) (coded) Biblioteca de empréstimo Código de barras Circulation type (not for loan) Tipo de documento Nota do exemplar Damaged status
  Biblioteca Escolar Eng. Nuno Mergulhão Biblioteca Escolar Eng. Nuno Mergulhão BENM660   Livro Sem mensagem